Statistics for US States Containing Letter D In under a Minute

Click here to take the quiz!

General Stats

  • This quiz has been taken 51 times
  • The average score is 7 of 10

Answer Stats

Answer% Correct
Florida
89%
North Dakota
89%
South Dakota
87%
Delaware
80%
Idaho
76%
Indiana
67%
Maryland
67%
Nevada
63%
Rhode Island
63%
Colorado
59%

Score Distribution

Percentile by Number Answered

Percent of People with Each Score

Your Score History

You have not taken this quiz